| 000 | 00396pab a2200157 454500 | ||
|---|---|---|---|
| 008 | 180718b2007 xxu||||| |||| 00| 0 eng d | ||
| 100 | _aRai, Shailendra Kumar | ||
| 245 | _aVenture capital financing and its role in economic growth | ||
| 260 | _c2007 | ||
| 300 | _ap.431-40. | ||
| 362 | _aJun | ||
| 650 | _aEconomic growth | ||
| 773 | _aManagement Accountant | ||
| 908 | _aN | ||
| 909 | _a74769 | ||
| 999 |
_c74769 _d74769 |
||